Nečekané dědictví : Šíma, Štyrský, Toyen, Zrzavý-- : [Národní galerie v Praze, Konírna paláce Kinských 29.5.-24.8.2014 /

Korporativní autor: Palác Kinských (Staré Město, Praha, Česko)
Další autoři: Novotná, Zuzana, 1956-, Bendová, Eva, 1976-
Jazyk: Čeština
Vydáno: V Praze : Národní galerie v Praze, 2014
Témata:
Fyzický popis: 163 s. : il. (převážně barev.), portréty, faksim. ; 21 cm
Language note: Anglické resumé
Knihy
Uloženo v:
LEADER 02868nam a2200685 a 4500
001 nkc20142594119
003 CZ PrNK
005 20190607152948.0
007 ta
008 140610s2014 xr ach e c 000 0dcze
015 |a cnb002594119 
020 |a 978-80-7035-552-7  |q (brož.) 
035 |a (OCoLC)883373668 
040 |a ABA001  |b cze  |d OLA001 
041 0 |a cze  |b eng 
043 |a e-xr---  |a e-sw--- 
045 |a x-y- 
072 7 |a 75  |x Malířství  |2 Konspekt  |9 21 
080 |a 75(437.3)  |2 MRF 
080 |a 75.036/.038  |2 MRF 
080 |a 069.5-027.551  |2 MRF 
080 |a 72/76:069.5  |2 MRF 
080 |a (485)  |2 MRF 
080 |a (437.3)  |2 MRF 
080 |a (437.311)  |2 MRF 
080 |a (083.824)  |2 MRF 
245 0 0 |a Nečekané dědictví :  |b Šíma, Štyrský, Toyen, Zrzavý-- : [Národní galerie v Praze, Konírna paláce Kinských 29.5.-24.8.2014 /  |c Zuzana Novotná (ed.) ; [autoři textů] Eva Bendová ... [et al.] 
246 3 0 |a Šíma, Štyrský, Toyen, Zrzavý-- 
260 |a V Praze :  |b Národní galerie v Praze,  |c 2014 
300 |a 163 s. :  |b il. (převážně barev.), portréty, faksim. ;  |c 21 cm 
504 |a Obsahuje bibliografické odkazy 
546 |a Anglické resumé 
610 2 7 |a Sbírka Aleny Žižkové-Lind  |7 kn20140623003  |2 czenas 
610 2 7 |a Národní galerie (Praha, Česko)  |7 kn20010709071  |2 czenas 
648 7 |a 20. století  |7 ch460558  |2 czenas 
648 7 |a 20.-21. století  |7 ch462155  |2 czenas 
650 0 7 |a české malířství  |7 ph116864  |y 20. století  |2 czenas 
650 0 7 |a moderní malířství  |7 ph122940  |z Česko  |2 czenas 
650 0 7 |a soukromé sbírky  |7 ph135214  |z Česko  |y 20.-21. století  |2 czenas 
650 0 7 |a umělecké sbírky  |7 ph135222  |z Česko  |y 20.-21. století  |2 czenas 
650 0 7 |a soukromé sbírky  |7 ph135214  |z Švédsko  |y 20.-21. století  |2 czenas 
650 0 7 |a umělecké sbírky  |7 ph135222  |z Švédsko  |y 20.-21. století  |2 czenas 
650 0 9 |a Czech painting  |y 20th century  |2 eczenas 
650 0 9 |a modern painting  |z Czechia  |2 eczenas 
650 0 9 |a private collections  |z Czechia  |y 20th-21st centuries  |2 eczenas 
650 0 9 |a art collections  |z Czechia  |y 20th-21st centuries  |2 eczenas 
650 0 9 |a private collections  |z Sweden  |y 20th-21st centuries  |2 eczenas 
650 0 9 |a art collections  |z Sweden  |y 20th-21st centuries  |2 eczenas 
651 7 |a Praha (Česko)  |7 ge118011  |2 czenas 
651 9 |a Prague (Czechia)  |2 eczenas 
655 7 |a katalogy výstav  |7 fd132536  |2 czenas 
655 9 |a exhibition catalogs  |2 eczenas 
700 1 |a Novotná, Zuzana,  |d 1956-  |7 ola2007365145  |4 edt 
700 1 |a Bendová, Eva,  |d 1976-  |7 xx0076089  |4 wfw 
710 2 |a Palác Kinských (Staré Město, Praha, Česko)  |7 ko2005315692 
910 2 |a BOA001  |b 2-1328.683 
990 |a BK 
995 |a 01 
991 |b 201406  |c NOV  |e n 
996 6 |b 2610595173  |c 2-1328.683  |l MZK  |r Sklad / do 1 hodiny  |n 8  |p p.v.  |w 001429214  |u 000010  |a 1  |e BOA001  |j MZK50  |s P